Estudios de Literatura Medieval / (Record n. 18798)

Dettagli MARC
000 -LEADER
fixed length control field 00661nam a2200205 i 4500
003 - CONTROL NUMBER IDENTIFIER
control field IT-RoINE
005 - DATE AND TIME OF LATEST TRANSACTION
control field 20170721100854.0
008 - FIXED-LENGTH DATA ELEMENTS--GENERAL INFORMATION
fixed length control field 931202s1956 po |r 001|| spa|d
040 ## - CATALOGING SOURCE
Original cataloging agency ES-MaCSI.
Transcribing agency VL. IT-RoINE
Modifying agency A2 0116864
100 1# - MAIN ENTRY--PERSONAL NAME
Personal name Martins, Mário,
9 (RLIN) 1461
Titles and other words associated with a name S.I.,
Dates associated with a name 1908-1990
245 10 - TITLE STATEMENT
Title Estudios de Literatura Medieval /
Statement of responsibility, etc Mario Martins S.J.
260 ## - PUBLICATION, DISTRIBUTION, ETC. (IMPRINT)
Place of publication, distribution, etc Braga :
Name of publisher, distributor, etc Livraria Cruz,
Date of publication, distribution, etc 1956.
300 ## - PHYSICAL DESCRIPTION
Extent 536 p., [1] h. de facs. ;
Dimensions 23 cm.
336 ## - CONTENT TYPE
Source rdacontent
Content type term text
337 ## - MEDIA TYPE
Source rdamedia
Media type term unmediated
338 ## - CARRIER TYPE
Source rdacarrier
Carrier type term volume
500 ## - GENERAL NOTE
General note Incluye índice.
650 #4 - SUBJECT ADDED ENTRY--TOPICAL TERM
9 (RLIN) 14292
Topical term or geographic name as entry element Literatura medieval
General subdivision Historia y crítica
942 ## - ADDED ENTRY ELEMENTS (KOHA)
Item type Monografías
Dati di copia
Withdrawn status Lost status Damaged status Not for loan Home library Current library Date acquired Total Checkouts Full call number Barcode Date last seen Price effective from Koha item type
        Iglesia Nacional Española en Roma Iglesia Nacional Española en Roma 21/07/2017   LEN.LIT 647 42751 21/07/2017 21/07/2017 Monografías